000 01299 a2200241 4500
001 53082
005 20260407155804.0
008 260407a1987 arg spa d
003 AR-UNSa-BCEJYS
040 _aAR-UNSa-BCEJYS
_bspa
_cAR-UNSa-BCEJYS
080 _a330.101
_xCiencia económica en general. La economía y sus problemas. Objeto y métodos de la economía política
245 1 0 _aElementos de economía política pura (o teoría de la riqueza social)
020 _a84-206-2516-7
264 1 _aMadrid :
_bAlianza Editorial
_c1987
300 _a818 p.
_c20 cm.
505 _a1. Objeto y divisiones de la economía política y social - 2. Teoría del intercambio de las mercancías - 3. Teoría del intercambio de varias mercancías - 4. Teoría de la producción - 5. Teoría de la formación del capital y del crédito - 6. Teoría de la circulación del dinero - 7. Condiciones y consecuencias del progreso económico.Crítica de los sistemas de economía política pura - 8. De los precios intervenidos,del monopolio y de los impuestos
041 _aspa
942 _cBK
590 _aniveau_biblio:m niveau_hierar:0
100 1 _aWalras, Léon
700 1 _aSegura, Julio
856 4 1 _uhttps://www.biblioeco.unsa.edu.ar/pmb/images/libros/L128437.jpg
_yImagen de portada
_qimage/jpeg
999 _c5069
_d5069